Statistiken für Weltkarte ohne 12 Länder #2

Klicken Sie hier um das Quiz zu spielen!

Allgemein

  • Dieses Quiz wurde 6.224 mal gespielt
  • Das Durchschnittsergebnis liegt bei 10 aus 12

Antworten auf der Karte

Die Antworten werden auf der Karte rot bzw. grün angezeigt, abhängig davon wie oft sie richtig erraten wurden.
Laden ...
 

Antwortstatistiken

Country% Korrekt
Australien
98%
Panama
96%
Portugal
92%
Nordkorea
87%
Marokko
86%
Griechenland
81%
Georgien
75%
Armenien
74%
Kuba
74%
Island
73%
Vietnam
72%
Malaysia
67%

Verteilung der Resultate

Perzentil nach korrekt beantworteten Fragen

Anzahl Personen mit jedem Resultat

Ihre Resultats-Entwicklung

Sie haben dieses Quiz noch nicht gespielt